000 00490nam a2200157 4500
001 138653
003 ES-MaACL
005 20230906195616.0
007 t|
008 070214s1968 sp r ||||1| cat d
100 1 _aSantasusagna, Joaquín.
_9103355
245 1 0 _aA eixam
_b: discursos i conferències /
_cJoaquim Santasusagna.
260 _aReus :
_b[s. n.],
_c1968 (
_ePoblet :
_fTip. del Monestir de Santa María)
300 _a264 p. ;
_c24 cm.
852 _aES-MaACL
_jC-46639
_bR.66301
999 _c138653
_d138653